006670000a22002170004500003001100000005001700011008004100028020001500069040003900084041000800123082001700131100001800148245007500166260005100241300003000292650004100322650003000363650002700393650001500420650001400435LK-CoMWRAF20231211122156.0230817t2003 ||||| |||| 00| 0 eng d a8170213649 aLK-CoMWRAFdLK-CoMWRAFeLK-CoMWRAF aeng a612.665bBUR aBurnett, J.C. aThe change of life in women and the ills and ailings incident thereto  aNew Delhi:bB. Jain Publishers (P) Ltd.,c2003 avi, 72 p.bIndex included a Generative organs, Female Diseases  a Genital Diseases, Female aGynecologic pathology  aHomeopathy aMenopause